Statistiques concernant Drapeaux similaires

Cliquez ici pour prendre le quiz!

Statistiques générales

  • Ce quiz a été pris 176 fois
  • Le résultat moyen est 15 sur 18

Statistiques - réponses

Réponse% Correct
irlande
99%
roumanie
98%
cote d'ivoire
96%
pologne
96%
autriche
94%
monaco
92%
andorre
90%
indonesie
87%
moldavie
86%
tchad
83%
ghana
80%
lituanie
79%
perou
75%
nicaragua
74%
bolivie
67%
salvador
67%
soudan
58%
palestine
48%

Distribution des résultats

Percentile par nombre de réponses

% des personnes avec chaque résultat

Votre développement - résultats

Vous n’avez pas pris ce quiz